Football en 20 GIFS #6 - Qui marque le but ? - Statistiques

Statistiques générales
  • Ce quiz a été pris 50 fois
  • Le résultat moyen est 10 sur 20
Statistiques - réponses
Hint Réponse % Correct
Peter Crouch
89%
Ronald Koeman
89%
Carlos Tevez
81%
John Arne Riise
73%
Clint Dempsey
70%
Franck Honorat
70%
Dimitri Liénard
57%
Santiago Munez
51%
Talisca
49%
Damien Bridonneau
43%
Dejan Savićević
43%
James McFadden
41%
Shunsuke Nakamura
41%
Rui Costa
38%
Jonathan Calleri
32%
Romain Métanire
32%
Natanael
24%
Ray Houghton
24%
Wu Lei
24%
Anthony Losilla
22%
Aucun quiz correspondant
Distribution des résultats
% des personnes avec chaque résultat
Percentile par nombre de réponses
Votre historique - résultats
Vous n’avez pas pris ce quiz